[Event "2015: The Year Of Devcoin"]
[Site "SchemingMind.com"]
[Date "2014.11.27"]
[Round "-"]
[White "Don71"]
[Black "Helga1946"]
[Result "1-0"]
[WhiteCountry "NIR"]
[BlackCountry "GER"]
[WhiteElo "2306"]
[WhiteRD "86"]
[BlackElo "2256"]
[BlackRD "75"]
[GameID "369576"]

1. e4 c5 2. Nf3 d6 3. Bb5+ Bd7 4. Bxd7+ Nxd7 5. O-O e6 6. c4 Ngf6 7. Nc3 Be7 8. d4 cxd4 9. Nxd4 O-O 10. b3 Qa5
11. Bb2 Rac8 12. Qe2 Ne5 13. Rad1 Rcd8 14. Kh1 Kh8 15. f4 Neg4 16. f5 e5 17. Nc2 Rfe8 18. Rd3 Nh6 19. a3 Rd7 20. Nb4 Rc8
21. Rg3 Nhg8 22. Rh3 h6 23. Rd1 Qd8 24. Bc1 a5 25. Nbd5 Nxd5 26. Nxd5 Rc6 27. Qg4 a4 28. Rdd3 f6 29. Rdg3 Qf8 30. Qd1 axb3
31. Qxb3 Bd8 32. Bd2 Qe8 33. Qb5 Rc5 34. Qa4 Re7 35. Qd1 Rf7 36. Qh5 Qf8 37. Qe2 Rc6 38. Be3 Ba5 39. Rg6 b6 40. Kg1 Rc8
41. a4 Ra8 42. Qd1 Raa7 43. Qc1 Qc8 44. Rgg3 Rab7 45. Rg4 Qf8 46. Rgh4 Qa8 47. Rg3 Qf8 48. Kh1 Qc8 49. Rhh3 Qd8 50. Rh5 Qf8
51. Rg6 Qc8 52. Rh3 Qa8 53. Qd1 Qc8 54. Qb3 Qc6 55. Kg1 Ra7 56. Qc2 Qe8 57. Qa2 Qd7 58. Kh1 Qc6 59. Qc2 Rad7 60. g4 Rb7
61. Qc1 Qc8 62. g5 fxg5 63. Bxg5 Qf8 64. Qc2 Ra7 65. Qg2 Qe8 66. f6
1-0

[Event "2015: The Year Of Devcoin"]
[Site "SchemingMind.com"]
[Date "2014.11.26"]
[Round "-"]
[White "Helga1946"]
[Black "Don71"]
[Result "0-1"]
[WhiteCountry "GER"]
[BlackCountry "NIR"]
[WhiteElo "2276"]
[WhiteRD "72"]
[BlackElo "2272"]
[BlackRD "84"]
[GameID "369577"]

1. Nf3 d5 2. d4 Nf6 3. c4 e6 4. Nc3 c5 5. Bg5 cxd4 6. Nxd4 e5 7. Nf3 d4 8. Nd5 Nc6 9. Bxf6 gxf6 10. Qb3 Rb8
11. e3 Be6 12. exd4 e4 13. Nd2 f5 14. Qa4 a6 15. Rd1 Rg8 16. Nb1 b5 17. cxb5 axb5 18. Bxb5 Rxb5 19. Nf6+ Qxf6 20. Qxb5 Bd7
21. g3 Bg7 22. d5 Ne5 23. Qb8+ Qd8 24. Qb4 Bf8 25. Qb3 Rg6 26. O-O Rb6 27. Qc2 Bb5 28. Nc3 Nf3+ 29. Kg2 Bxf1+ 30. Rxf1 Bg7
31. Rd1 Kf8 32. a4 Bd4 33. Qc1 Rb4 34. Qh6+ Bg7 35. Qc6 Rxb2 36. Qc5+ Kg8 37. d6 Be5 38. d7 Rc2 39. Qc8 Bf6 40. Rb1 Rd2
41. Qxd8+ Bxd8 42. Rb8 Rxd7 43. a5 Kg7 44. a6 Bf6 45. Nd5 Bd4 46. Rb5 Ne1+ 47. Kf1 Nd3 48. Ne3 Bxe3 49. fxe3 Ra7 50. Rb6 Rc7
51. Rb7 Rc1+ 52. Kg2 Ra1 53. a7 Ne5 54. h3 Nc6 55. Rb5 Ra2+ 56. Kf1 Ne7 57. Rb7 Nc8 58. Rb5 Nd6
0-1

[Event "2015: The Year Of Devcoin"]
[Site "SchemingMind.com"]
[Date "2014.12.14"]
[Round "-"]
[White "jpetric"]
[Black "Greg Magne"]
[Result "0-1"]
[WhiteCountry "USA"]
[BlackCountry "CAN"]
[WhiteElo "1521"]
[WhiteRD "71"]
[BlackElo "1962"]
[BlackRD "79"]
[GameID "371390"]

1. e4 c5 2. Nc3 Nc6 3. Bc4 Nf6 4. d3 e6 5. Nf3 d5 6. exd5 exd5 7. Bb5 a6 8. Bxc6+ bxc6 9. b3 Bd6 10. Bb2 O-O
11. O-O Bg4 12. h3 Bh5 13. a3 Rb8 14. Ne2 Bxf3 15. gxf3 Re8 16. Ng3 Qd7 17. Kg2 Re6 18. Re1 Rbe8 19. Qd2 d4 20. c3 dxc3
21. Bxc3 Nd5 22. Rxe6 Nf4+ 23. Kh1 Qxe6 24. Re1 Qxh3+
0-1

[Event "2015: The Year Of Devcoin"]
[Site "SchemingMind.com"]
[Date "2015.01.05"]
[Round "-"]
[White "palberto63"]
[Black "fouche"]
[Result "1-0"]
[WhiteCountry "CUB"]
[BlackCountry "COL"]
[WhiteElo "2267"]
[WhiteRD "69"]
[BlackElo "1643"]
[BlackRD "63"]
[GameID "372511"]

1. d4 e6 2. c4 c5 3. e3 cxd4 4. exd4 d5 5. Nf3 Nf6 6. Nc3 Bb4 7. Bd3 Nc6 8. O-O Bd7 9. cxd5 Nxd5 10. Nxd5 exd5
11. Qb3 O-O 12. Bg5 Qc7 13. Rac1 Bd6 14. Qxd5 Be6 15. Qe4 g6 16. d5 Bf5 17. Qc4 Ne5 18. Qxc7 Nxf3+ 19. gxf3 Bxc7 20. Bxf5 gxf5
21. Rxc7 Kg7 22. d6 Kg6 23. Be7 Rfe8 24. Re1
1-0

[Event "2015: The Year Of Devcoin"]
[Site "SchemingMind.com"]
[Date "2015.01.05"]
[Round "-"]
[White "fouche"]
[Black "palberto63"]
[Result "0-1"]
[WhiteCountry "COL"]
[BlackCountry "CUB"]
[WhiteElo "1643"]
[WhiteRD "63"]
[BlackElo "2267"]
[BlackRD "69"]
[GameID "372512"]

1. d4 Nf6 2. Nf3 e6 3. e3 b6 4. Be2 Bb7 5. O-O Be7 6. Nbd2 O-O 7. c4 c5 8. b3 Nc6 9. Bb2 cxd4 10. exd4 d5
11. Qc2 Rc8 12. Rac1 h6 13. Rfd1 Qc7 14. Ne5 Nxe5 15. dxe5 Ne4 16. Nxe4 dxe4 17. h3 Bc5 18. a3 a5 19. Rd2 e3 20. fxe3 Bxe3+
21. Kh1 Rcd8 22. Rxd8 Qxd8 23. Rd1 Qh4 24. Kh2 Qf2
0-1

[Event "2015: The Year Of Devcoin"]
[Site "SchemingMind.com"]
[Date "2015.01.25"]
[Round "-"]
[White "John Galvin"]
[Black "chesshub"]
[Result "0-1"]
[WhiteCountry "USA"]
[BlackCountry "FRA"]
[WhiteElo "2338"]
[WhiteRD "78"]
[BlackElo "2506"]
[BlackRD "67"]
[GameID "373565"]

1. e4 c5 2. Nf3 d6 3. Bb5+ Bd7 4. Bxd7+ Qxd7 5. O-O Nc6 6. c3 Nf6 7. Qe2 e6 8. d3 Be7 9. Rd1 O-O 10. Bg5 h6
11. Bh4 d5 12. e5 Nh7 13. Bxe7 Qxe7 14. Nbd2 Rfc8 15. h4 Nf8 16. h5 Nd7 17. Rac1 b5 18. Qe3 a5 19. Qe2 a4 20. a3 b4
21. Re1 Rab8 22. Rb1 Qd8 23. d4 Na5 24. cxb4 cxb4 25. Qd1 b3 26. Nf1 Nb6 27. Re3 Nac4 28. Rd3 Nxb2 29. Rxb2 Nc4
0-1

[Event "2015: The Year Of Devcoin"]
[Site "SchemingMind.com"]
[Date "2015.01.24"]
[Round "-"]
[White "chesshub"]
[Black "John Galvin"]
[Result "1/2-1/2"]
[WhiteCountry "FRA"]
[BlackCountry "USA"]
[WhiteElo "2506"]
[WhiteRD "67"]
[BlackElo "2338"]
[BlackRD "78"]
[GameID "373566"]

1. d4 d5 2. c4 c6 3. Nc3 Nf6 4. e3 Bf5 5. cxd5 cxd5 6. Qb3 Nc6 7. Qxb7 Bd7 8. Qb3 Rb8 9. Qd1 Qc7 10. Nf3 e5
11. Bb5 exd4 12. exd4 Ne4 13. Bd3 Nxc3 14. bxc3 Bd6 15. O-O O-O 16. Re1 Rfe8 17. Be3 h6 18. Qd2 Re6 19. Rab1 Rxb1 20. Bxb1 Na5
21. Qc2 g6 22. Qc1 h5 23. Bg5 Rxe1+ 24. Qxe1 Nc4 25. Bd3 Bb5 26. g3 a6 27. Kg2 Qd7 28. Qe2 Bc7 29. Bh6 Bd6 30. Ne1 Qe7
31. Qxe7 Bxe7=
1/2-1/2

[Event "2015: The Year Of Devcoin"]
[Site "SchemingMind.com"]
[Date "2015.02.09"]
[Round "-"]
[White "Ronald R. Nurmi"]
[Black "Ramesh Panwar"]
[Result "0-1"]
[WhiteCountry "USA"]
[BlackCountry "IND"]
[WhiteElo "1735"]
[WhiteRD "85"]
[BlackElo "2354"]
[BlackRD "56"]
[GameID "374453"]

1. d4 Nf6 2. Bg5 d5 3. Bxf6 exf6 4. e3 c5 5. dxc5 Bxc5 6. Nc3 Be6 7. Bb5+ Nc6 8. Nge2 O-O 9. O-O a6 10. Ba4 f5
11. Nf4 d4 12. Nxe6 fxe6 13. exd4 Nxd4 14. Qd3 b5 15. Bb3 Nxb3 16. axb3 Qxd3 17. cxd3 Bd4 18. Rab1 Rac8 19. Rfc1 Rfd8 20. g3 Bf6
21. Kf1 Rxd3 22. Ke2 Rcd8 23. h3 Rd2+ 24. Ke1 R8d6 25. b4 Be7 26. Na2 Kf7 27. Rd1 Rc2
0-1

[Event "2015: The Year Of Devcoin"]
[Site "SchemingMind.com"]
[Date "2015.02.09"]
[Round "-"]
[White "Ramesh Panwar"]
[Black "Ronald R. Nurmi"]
[Result "1-0"]
[WhiteCountry "IND"]
[BlackCountry "USA"]
[WhiteElo "2354"]
[WhiteRD "56"]
[BlackElo "1735"]
[BlackRD "85"]
[GameID "374454"]

1. e4 d5 2. exd5 Qxd5 3. Nc3 Qd6 4. d4 Nf6 5. Nf3 c6 6. Be2 Bf5 7. Nh4 Bg6 8. O-O e6 9. Re1 Be7 10. g3 Be4
11. Nxe4 Nxe4 12. Bf3 Nf6 13. c4 Qd8 14. d5 cxd5 15. cxd5 Nxd5 16. Bxd5 exd5 17. Bg5 Nc6 18. Nf5 f6 19. Nxg7+ Kf7 20. Bh6 Ne5
21. Rxe5 fxe5 22. Qh5+ Kg8 23. Qg4 Kf7 24. Qe6+ Kf8 25. Nh5+ Ke8 26. Nf6#
1-0

[Event "2015: The Year Of Devcoin"]
[Site "SchemingMind.com"]
[Date "2015.04.06"]
[Round "-"]
[White "Adrian Grajczak"]
[Black "Clive Everill"]
[Result "1-0"]
[WhiteCountry "POL"]
[BlackCountry "CZE"]
[WhiteElo "2184"]
[WhiteRD "82"]
[BlackElo "1723"]
[BlackRD "57"]
[GameID "377755"]

1. e4 e6 2. d3 b5 3. Nf3 Bb7 4. g3 d6 5. Bg2 Nf6 6. O-O Nbd7 7. c3 Be7 8. h3 O-O 9. Be3 c5 10. Nbd2 a5
11. Nh2 d5 12. f4 dxe4 13. dxe4 Ne8 14. Nhf3 Nc7 15. Qe1 Nf6 16. Bf2 Qd3 17. e5 Nfd5 18. Nb3 c4 19. Rd1 Qg6 20. Nbd4 f5
21. exf6 Rxf6 22. Ne5 Qe8 23. Ng4 Rg6 24. Nf3 Bd6 25. Nh4 Rxg4 26. hxg4 Qe7 27. Qd2 Rd8 28. Bd4 Bc8 29. Rfe1 Nf6 30. Nf5 Qf8
31. Nxg7 Kxg7 32. g5 Be7 33. gxf6+ Bxf6 34. Bxf6+ Qxf6 35. Qxd8
1-0

[Event "2015: The Year Of Devcoin"]
[Site "SchemingMind.com"]
[Date "2015.04.06"]
[Round "-"]
[White "Clive Everill"]
[Black "Adrian Grajczak"]
[Result "0-1"]
[WhiteCountry "CZE"]
[BlackCountry "POL"]
[WhiteElo "1723"]
[WhiteRD "57"]
[BlackElo "2184"]
[BlackRD "82"]
[GameID "377756"]

1. d4 d6 2. e4 Nf6 3. Nc3 e5 4. Nf3 Nbd7 5. Bc4 Be7 6. O-O O-O 7. a4 c6 8. Ba2 b6 9. Re1 Qc7 10. h3 Re8
11. Be3 Nf8 12. Qd3 h6 13. Nh2 Ng6 14. Qc4 Bf8 15. d5 c5 16. Nb5 Qd8 17. b4 Nh5 18. bxc5 bxc5 19. Qc3 a6 20. Na3 f5
21. exf5 Nh4 22. g4 Nf6 23. f3 e4 24. f4 Ra7 25. Bf2 Nxf5 26. gxf5 Nh5 27. Qe3 Rf7 28. Ng4 Rxf5 29. Bg3 g5 30. fxg5 Rf3
31. Qd2 Rxg3+ 32. Kh2 Rxa3 33. Nxh6+ Bxh6 34. gxh6 Rxh3+ 35. Kg2 e3 36. Qe2 Qg5+
0-1

[Event "2015: The Year Of Devcoin"]
[Site "SchemingMind.com"]
[Date "2015.04.10"]
[Round "-"]
[White "frankly"]
[Black "Dinomat"]
[Result "1/2-1/2"]
[WhiteCountry "ENG"]
[BlackCountry "GER"]
[WhiteElo "2441"]
[WhiteRD "62"]
[BlackElo "2499"]
[BlackRD "91"]
[GameID "378218"]

1. d4 Nf6 2. Nf3 g6 3. c4 Bg7 4. Nc3 d5 5. cxd5 Nxd5 6. e4 Nxc3 7. bxc3 c5 8. Be3 Qa5 9. Qd2 Nc6 10. Rc1 cxd4
11. cxd4 Qxd2+ 12. Kxd2 f5 13. Bd3 fxe4 14. Bxe4 Bf5 15. Bd5 Rd8 16. Rc5 e6 17. Bxc6+ bxc6 18. Rhc1 Be4 19. Ng5 Bd5 20. Rxc6 Bxc6
21. Rxc6 Bxd4 22. Nxe6 Bxe3+ 23. Kxe3 Rb8 24. Rc7 Rg8 25. Rxa7 Rb6 26. Ra8+ Kf7 27. Ng5+ Kg7 28. Ra7+ Kh6 29. f4 Rg7 30. Nf7+ Kh5
31. Ra5+ Kh4 32. Ne5 Re7 33. Kd4 Rb2 34. Nf3+ Kg4 35. Ne5+ Kh4 36. Nf3+=
1/2-1/2

[Event "2015: The Year Of Devcoin"]
[Site "SchemingMind.com"]
[Date "2015.04.10"]
[Round "-"]
[White "Dinomat"]
[Black "frankly"]
[Result "1/2-1/2"]
[WhiteCountry "GER"]
[BlackCountry "ENG"]
[WhiteElo "2496"]
[WhiteRD "91"]
[BlackElo "2460"]
[BlackRD "56"]
[GameID "378219"]

1. Nf3 Nf6 2. c4 c5 3. Nc3 Nc6 4. d4 cxd4 5. Nxd4 e6 6. a3 Be7 7. e4 O-O 8. Nf3 Qc7 9. Be2 b6 10. O-O Bb7
11. Qd3 Rfd8 12. Rd1 d6 13. b3 Ne5 14. Qc2 Ng6 15. Nd4 Rac8 16. Bb2 Qb8 17. Rac1 d5 18. exd5 exd5 19. Nf5 Bf8 20. Bf3 Ba8
21. cxd5 Nxd5 22. Rd4 Nxc3 23. Rxd8 Rxd8 24. Qxc3 Qf4 25. Bxa8 Qxf5 26. Bf3 Nf4 27. Qe5 Qxe5 28. Bxe5 Ng6 29. Bb2 Rd2 30. Bc3 Ra2
31. b4 Rxa3 32. g3 Bd6 33. Kg2 Ne7 34. Be2 Kf8 35. Bc4 Nc6 36. Bb2 Ra4 37. Bd3 Ne5 38. Bb5 Rxb4 39. Ba3 Rd4 40. Bxd6+ Rxd6
41. Rc8+ Ke7 42. Rc7+ Kd8 43. Rxa7 Rd5 44. Be2 Ra5 45. Rb7 Nd7 46. Bf3 Rc5 47. Ra7 g6 48. h4 h5 49. Ra8+ Ke7 50. Ra2 Ne5
51. Be2 Kd7 52. Ra7+ Kd6 53. Rb7 Nd7 54. Ra7 Re5 55. Bc4 Re7 56. Ra2 Nf6 57. Rb2 Kc5 58. Bf1 Nd5 59. Rb5+ Kd4 60. Rb3 Rc7
61. Bb5 Rc8 62. Rb1 Rc2 63. Bd7 Rc7 64. Be8 Rb7 65. Rd1+ Kc5 66. Rc1+ Kd6 67. Rc2 Re7 68. Bb5 Rc7 69. Rb2 Kc5 70. Bf1 Ra7=
1/2-1/2

[Event "2015: The Year Of Devcoin"]
[Site "SchemingMind.com"]
[Date "2015.04.23"]
[Round "-"]
[White "Geoffrey Rosser"]
[Black "fu_manchu"]
[Result "1-0"]
[WhiteCountry "ENG"]
[BlackCountry "CAN"]
[WhiteElo "1847"]
[WhiteRD "80"]
[BlackElo "1845"]
[BlackRD "78"]
[GameID "378969"]

1. e4 b6 2. d4 Bb7 3. Nc3 e6 4. a3 Nf6 5. e5 Nd5 6. Nxd5 Bxd5 7. Nf3 c5 8. c4 Bb7 9. d5 exd5 10. cxd5 d6
11. Bb5+ Ke7 12. Bg5+ f6 13. exf6+ gxf6 14. Qe2+ Kf7 15. Qe6+ Kg7 16. Nh4 Bc8 17. Nf5+ Kg6 18. Be8+ Kxg5 19. h4+ Kf4 20. g3+ Kf3
21. Bh5+ Kg2 22. Qe4#
1-0

[Event "2015: The Year Of Devcoin"]
[Site "SchemingMind.com"]
[Date "2015.04.24"]
[Round "-"]
[White "fu_manchu"]
[Black "Geoffrey Rosser"]
[Result "1/2-1/2"]
[WhiteCountry "CAN"]
[BlackCountry "ENG"]
[WhiteElo "1839"]
[WhiteRD "80"]
[BlackElo "1837"]
[BlackRD "83"]
[GameID "378970"]

1. d4 Nf6 2. c4 e6 3. Nf3 Bb4+ 4. Nc3 d5 5. e3 O-O 6. a3 Be7 7. Be2 c5 8. O-O cxd4 9. Nxd4 e5 10. Nf3 dxc4
11. Bxc4 Qc7 12. Be2 Rd8 13. Qc2 Bg4 14. b4 Nbd7 15. Bb2 e4 16. Ng5 Bf5 17. Qb3 Bg6 18. Nb5 Qb8 19. Bc4 Rf8 20. Nh3 Ne5
21. Nf4 Nfg4 22. Bxe5 Nxe5 23. Nxg6 Nxg6=
1/2-1/2

[Event "2015: The Year Of Devcoin"]
[Site "SchemingMind.com"]
[Date "2015.07.19"]
[Round "-"]
[White "Greg Magne"]
[Black "chesshub"]
[Result "0-1"]
[WhiteCountry "CAN"]
[BlackCountry "FRA"]
[WhiteElo "1811"]
[WhiteRD "72"]
[BlackElo "2538"]
[BlackRD "80"]
[GameID "383426"]

1. e4 e5 2. Nf3 Nc6 3. Bb5 a6 4. Ba4 Nf6 5. O-O Be7 6. Re1 b5 7. Bb3 d6 8. c3 O-O 9. h3 Na5 10. Bc2 c5
11. d4 Qc7 12. Nbd2 Re8 13. Nf1 g6 14. Ne3 cxd4 15. cxd4 exd4 16. Nxd4 Bb7 17. Bd2 Nc4 18. Nxc4 bxc4 19. Bc3 d5 20. e5 Ne4
21. e6 Bc5 22. exf7+ Qxf7 23. Rf1 Qf4 24. Qf3 Qxf3 25. gxf3 Nxc3 26. bxc3 Bxd4 27. cxd4 Bc6 28. Rae1 Rab8 29. Rxe8+ Bxe8 30. Re1 Kf7
31. Kf1 Rb2 32. Bb1 Ba4 33. f4 c3 34. f5 c2 35. fxg6+ hxg6
0-1

[Event "2015: The Year Of Devcoin"]
[Site "SchemingMind.com"]
[Date "2015.07.19"]
[Round "-"]
[White "chesshub"]
[Black "Greg Magne"]
[Result "1-0"]
[WhiteCountry "FRA"]
[BlackCountry "CAN"]
[WhiteElo "2525"]
[WhiteRD "71"]
[BlackElo "1845"]
[BlackRD "73"]
[GameID "383427"]

1. e4 c5 2. Nf3 d6 3. d4 cxd4 4. Nxd4 Nf6 5. Nc3 a6 6. Be3 e5 7. Nb3 Nc6 8. Qd2 Be6 9. O-O-O Be7 10. f3 O-O
11. g4 h6 12. h4 Qc7 13. g5 hxg5 14. hxg5 Nd7 15. Qh2 Rfc8 16. Qh8#
1-0

[Event "2015: The Year Of Devcoin"]
[Site "SchemingMind.com"]
[Date "2015.08.31"]
[Round "-"]
[White "Adrian Grajczak"]
[Black "Ramesh Panwar"]
[Result "0-1"]
[WhiteCountry "POL"]
[BlackCountry "IND"]
[WhiteElo "2071"]
[WhiteRD "94"]
[BlackElo "2412"]
[BlackRD "67"]
[GameID "386859"]

1. e4 c5 2. Nf3 d6 3. d4 cxd4 4. Nxd4 Nf6 5. Nc3 a6 6. Be3 e5 7. Nb3 Be6 8. f3 Be7 9. Qd2 O-O 10. O-O-O b5
11. g4 Nbd7 12. h4 b4 13. Nd5 Bxd5 14. exd5 a5 15. Kb1 a4 16. Nc1 Nb6 17. Qxb4 Nfxd5 18. Bxb6 Nxb6 19. Bd3 d5 20. Qe1 Qb8
21. g5 a3 22. b3 Na4 23. c3 Rc8 24. Ne2 Nb2 25. Rd2 Rd8 26. Bc2 Nc4 27. Rd3 Qb6 28. Ng3 g6
0-1

[Event "2015: The Year Of Devcoin"]
[Site "SchemingMind.com"]
[Date "2015.09.01"]
[Round "-"]
[White "Ramesh Panwar"]
[Black "Adrian Grajczak"]
[Result "1-0"]
[WhiteCountry "IND"]
[BlackCountry "POL"]
[WhiteElo "2409"]
[WhiteRD "63"]
[BlackElo "2108"]
[BlackRD "92"]
[GameID "386860"]

1. c4 f5 2. Nc3 Nf6 3. Nf3 e6 4. g3 Be7 5. Bg2 O-O 6. O-O d5 7. cxd5 exd5 8. d3 d4 9. Nb5 c5 10. Ng5 Kh8
11. Qb3 a6 12. Na3 Qe8 13. Nc4 Nc6 14. Nb6 Ra7 15. Nxc8 Qxc8 16. Nf7+ Rxf7 17. Qxf7 b6 18. Bf4 Nd8 19. Qb3 b5 20. Rfc1 Ne6
21. Be5 Ng4 22. Bb8 Qxb8 23. Qxe6 g6 24. b4
1-0

[Event "2015: The Year Of Devcoin"]
[Site "SchemingMind.com"]
[Date "2015.09.25"]
[Round "-"]
[White "John Hamer"]
[Black "Don71"]
[Result "0-1"]
[WhiteCountry "ENG"]
[BlackCountry "NIR"]
[WhiteElo "2024"]
[WhiteRD "59"]
[BlackElo "2318"]
[BlackRD "85"]
[GameID "387866"]

1. d4 Nf6 2. Nf3 d5 3. c4 e6 4. Nc3 c5 5. cxd5 exd5 6. Bg5 Be7 7. e3 O-O 8. Bd3 c4 9. Be2 Bf5 10. O-O Nbd7
11. Rc1 h6 12. Bf4 Nb6 13. Ne5 Bb4 14. a3 Bxc3 15. Rxc3 g5 16. Bg3 Ne4 17. Rc1 f6 18. Nf3 h5 19. h3 Nxg3 20. fxg3 Qe8
21. Qd2= Bg6 22. Rc3 Nc8 23. b3 b5 24. Qb2 Nd6 25. Nd2 Kg7 26. Bf3 Qe6 27. bxc4 bxc4 28. Qb4 Rfb8 29. Qc5 Rb5 30. Qc6 Rc8
31. Qa6 Bd3 32. Rfc1 Rb6 33. Qxa7+ Rb7
0-1

[Event "2015: The Year Of Devcoin"]
[Site "SchemingMind.com"]
[Date "2015.09.25"]
[Round "-"]
[White "Don71"]
[Black "John Hamer"]
[Result "1-0"]
[WhiteCountry "NIR"]
[BlackCountry "ENG"]
[WhiteElo "2294"]
[WhiteRD "84"]
[BlackElo "2013"]
[BlackRD "60"]
[GameID "387867"]

1. e4 c6 2. d4 d5 3. Nc3 g6 4. Nf3 Bg7 5. Bd3 Bg4 6. Be3 e6 7. h3 Bxf3 8. Qxf3 Ne7 9. O-O-O O-O 10. Kb1 dxe4
11. Nxe4 Nf5 12. h4 Nxd4 13. Qh3 f5 14. h5 g5 15. Nxg5 h6 16. Nxe6 Nxe6 17. Bxf5
1-0

[Event "2015: The Year Of Devcoin"]
[Site "SchemingMind.com"]
[Date "2015.11.14"]
[Round "-"]
[White "Geoffrey Rosser"]
[Black "Don71"]
[Result "0-1"]
[WhiteCountry "ENG"]
[BlackCountry "NIR"]
[WhiteElo "1806"]
[WhiteRD "89"]
[BlackElo "2305"]
[BlackRD "84"]
[GameID "390340"]

1. e4 e6 2. Nf3 d5 3. exd5 exd5 4. d4 Nf6 5. Be2 Bd6 6. Nc3 O-O 7. O-O c6 8. Bg5 Re8 9. Qd2 Bf5 10. Rae1 Nbd7
11. Nh4 Be6 12. Bd3 h6 13. Bxf6 Qxf6 14. Nf3 Bg4 15. Be2 Re6 16. h3 Bf4 17. Qd1 Bxh3 18. gxh3 Qf5 19. Ng5 Qxg5+ 20. Bg4 Rxe1
21. Rxe1 h5 22. Kh1 hxg4 23. Ne2 Nf6 24. Nxf4 Qxf4 25. Re3 Ne4 26. Qe2 Nxf2+
0-1

[Event "2015: The Year Of Devcoin"]
[Site "SchemingMind.com"]
[Date "2015.11.14"]
[Round "-"]
[White "Don71"]
[Black "Geoffrey Rosser"]
[Result "1-0"]
[WhiteCountry "NIR"]
[BlackCountry "ENG"]
[WhiteElo "2305"]
[WhiteRD "84"]
[BlackElo "1806"]
[BlackRD "89"]
[GameID "390341"]

1. e4 e5 2. Nf3 Nc6 3. Bb5 Nf6 4. O-O Nxe4 5. d4 Nd6 6. Bxc6 dxc6 7. dxe5 Nf5 8. Qxd8+ Kxd8 9. Nc3 Be7 10. Rd1+ Ke8
11. Bg5 Bxg5 12. Nxg5 h6 13. Nf3 Be6 14. a4 Ke7 15. g4 Ne3 16. fxe3 Bxg4 17. Kf2 Ke6 18. Rd4 Bxf3 19. Kxf3 Kxe5 20. Rad1 g5
21. Rd7 f5 22. Re7+ Kf6 23. Rxc7 Rad8 24. Rxb7 Rxd1 25. Nxd1 Rd8 26. Ke2 f4 27. Rxa7 Kf5 28. Ra5+ Kg6 29. exf4 gxf4 30. Nf2 Re8+
31. Kf3 Re3+ 32. Kg2 f3+ 33. Kg3 Re2 34. Rc5
1-0

[Event "2015: The Year Of Devcoin"]
[Site "SchemingMind.com"]
[Date "2015.12.05"]
[Round "-"]
[White "frankly"]
[Black "chesshub"]
[Result "0-1"]
[WhiteCountry "ENG"]
[BlackCountry "FRA"]
[WhiteElo "2458"]
[WhiteRD "57"]
[BlackElo "2545"]
[BlackRD "83"]
[GameID "391468"]

1. d4 Nf6 2. Nf3 d5 3. c4 e6 4. Nc3 Be7 5. Bf4 O-O 6. e3 c5 7. dxc5 Bxc5 8. a3 Nc6 9. Qc2 Qa5 10. O-O-O Be7
11. g4 dxc4 12. Bxc4 e5 13. g5 exf4 14. gxf6 Bxf6 15. Nd5 Ne7 16. Nxe7+ Bxe7 17. Rd5 Qb6 18. Nd4 Re8 19. exf4 Bf6 20. Rd1 Bg4
21. f3 Bh3 22. Kb1 Rac8 23. Qb3 Qc7 24. Bd3 Qxf4 25. Bf5 Re3 26. Qb5 Bxf5+ 27. Nxf5 Re6 28. Nd6 Rf8 29. Qd3 Qxh2 30. Rd2 Qf4
31. Rf5 Qh4 32. Ne4 g6 33. Rc5 Bg7 34. Rb5 b6 35. Rd1 Qf4 36. Rd5 h5 37. Ka2 Rc6 38. Qb3 Rc1 39. Rxc1 Qxc1 40. Rd6 Kh8
41. Rd1 Qf4 42. Qd3 Rc8 43. Qe2 Kh7 44. Rg1 Be5 45. Rd1 Kg7 46. Nf2 Qf5 47. Qb5 Rc5 48. Qb3 Rc2 49. Nd3 Re2 50. Nxe5 Qxe5
0-1

[Event "2015: The Year Of Devcoin"]
[Site "SchemingMind.com"]
[Date "2015.12.05"]
[Round "-"]
[White "chesshub"]
[Black "frankly"]
[Result "1/2-1/2"]
[WhiteCountry "FRA"]
[BlackCountry "ENG"]
[WhiteElo "2519"]
[WhiteRD "74"]
[BlackElo "2433"]
[BlackRD "56"]
[GameID "391469"]

1. e4 c5 2. Nf3 Nc6 3. d4 cxd4 4. Nxd4 Nf6 5. Nc3 e5 6. Ndb5 d6 7. Bg5 a6 8. Na3 b5 9. Nd5 Be7 10. Bxf6 Bxf6
11. c3 O-O 12. Nc2 Bg5 13. a4 bxa4 14. Rxa4 a5 15. Bc4 Be7 16. O-O Bg5 17. b4 Be6 18. b5 Ne7 19. Nxe7+ Qxe7 20. Bd5 Rac8
21. c4 Bxd5 22. Qxd5 Rc5 23. Qd3 f5 24. exf5 e4 25. Qe2 Rcxf5 26. Rxa5 e3 27. f3 Bf4 28. g3 Rg5 29. Kg2 Qe5 30. g4 Bxh2
31. Nxe3 Bf4 32. Ra3 Re8 33. b6 Bxe3 34. b7 Bf4 35. Qxe5 Rgxe5=
1/2-1/2

[Event "2015: The Year Of Devcoin"]
[Site "SchemingMind.com"]
[Date "2016.01.18"]
[Round "-"]
[White "Don71"]
[Black "Ramesh Panwar"]
[Result "0-1"]
[WhiteCountry "NIR"]
[BlackCountry "IND"]
[WhiteElo "2267"]
[WhiteRD "90"]
[BlackElo "2440"]
[BlackRD "77"]
[GameID "393882"]

1. e4 c5 2. Nf3 d6 3. Bb5+ Bd7 4. Nc3 Bxb5 5. Nxb5 Nf6 6. O-O Nxe4 7. Re1 a6 8. Rxe4 axb5 9. d4 d5 10. Rf4 f6
11. dxc5 Nc6 12. Rg4 e5 13. Nd2 f5 14. Rg3 g6 15. Nb3 Bg7 16. Bg5 Qd7 17. Rd3 d4 18. Rh3 Qf7 19. Qd2 O-O 20. a3 Qc4
21. Bh6 Bxh6 22. Qxh6 Rf7 23. Qd2 e4 24. Re1 Rd8 25. Nc1 Qxc5 26. Nb3 Qd5 27. Rd1 Rfd7 28. Nc1 Ne5 29. Ne2 Qc4 30. b3 Qc6
31. Qc1 Ng4
0-1

[Event "2015: The Year Of Devcoin"]
[Site "SchemingMind.com"]
[Date "2016.01.17"]
[Round "-"]
[White "Ramesh Panwar"]
[Black "Don71"]
[Result "1-0"]
[WhiteCountry "IND"]
[BlackCountry "NIR"]
[WhiteElo "2468"]
[WhiteRD "92"]
[BlackElo "2262"]
[BlackRD "89"]
[GameID "393883"]

1. e4 c6 2. d4 d5 3. Nc3 dxe4 4. Nxe4 Nf6 5. Nxf6+ exf6 6. Nf3 Bd6 7. Bd3 O-O 8. O-O Bg4 9. Re1 Nd7 10. h3 Bh5
11. c4 c5 12. Be2 Re8 13. Be3 Qc7 14. d5 f5 15. Nh4 Bxe2 16. Rxe2 f4 17. Bd2 Ne5 18. Qb3 Ng6 19. Rxe8+ Rxe8 20. Nf3 Qd7
21. Re1 b6 22. Rxe8+ Qxe8 23. Qc2 b5 24. cxb5 Qxb5 25. Bc3 Qd7 26. Qd3 h6 27. Nd2 f3 28. g3 Qxh3 29. Qxf3 Qd7 30. Ne4 Bf8
31. Qd3 Kh8 32. d6 Kh7 33. b3 f5 34. Nd2 Qxd6 35. Qxf5 Qa6 36. Nc4 Kg8 37. Qd5+ Kh7 38. a4 Qc8 39. Qe4 Qd8 40. Kg2 a6
41. f4 Qe7= 42. Ne5 Qe8 43. Kf3 Qe6 44. Ke3 Qe8 45. Qd3 Qe6 46. a5 Be7 47. Qe4 Qf6 48. Nxg6 Qxg6 49. Qxe7 Qxg3+ 50. Kd2 Qxf4+
51. Kc2 Qf2+ 52. Kb1 Qg1+ 53. Ka2 h5 54. Be5 Qg2+ 55. Ka3 Qg1 56. Qa7 Qc1+ 57. Bb2 Qh6 58. Qxc5 h4 59. Bc1 Qf6 60. Qh5+ Kg8
61. Qd5+ Qf7 62. Qd8+
1-0

[Event "2015: The Year Of Devcoin"]
[Site "SchemingMind.com"]
[Date "2016.08.12"]
[Round "-"]
[White "Ramesh Panwar"]
[Black "chesshub"]
[Result "0-1"]
[WhiteCountry "IND"]
[BlackCountry "FRA"]
[WhiteElo "2415"]
[WhiteRD "128"]
[BlackElo "2627"]
[BlackRD "81"]
[GameID "402340"]

1. d4 Nf6 2. c4 e6 3. Nf3 b6 4. g3 Ba6 5. Qa4 c5 6. Bg2 Bb7 7. O-O cxd4 8. Nxd4 Bxg2 9. Kxg2 Qc8 10. Bg5 Be7
11. Nc3 h6 12. Bf4 Qb7+ 13. f3 a6 14. e4 O-O 15. e5 Nh5 16. Be3 d6 17. exd6 Bxd6 18. Rad1 Be7 19. Qc2 Nf6 20. Ne4 Nbd7
21. Bf4 Ra7 22. b3 Qa8 23. Rfe1 Rd8 24. Qe2 g5 25. Nxf6+ Bxf6 26. Bd6 Nf8 27. Bxf8 Kxf8 28. Nc2 a5 29. Ne3 h5 30. Rd3 a4
31. b4 Rad7 32. Rxd7 Rxd7 33. Rd1 Qd8 34. a3 Rd4 35. Qc2 g4 36. h4 Be5 37. Qe2 f5 38. f4 Bf6 39. Rxd4 Qxd4 40. Nd1 Kf7
41. Qc2 Ke7 42. Qe2 Kf7 43. Qc2 Ke7 44. Qe2= Qa1 45. Qd3 Qa2+ 46. Kf1 Ba1 47. Ne3 Qb3 48. Ke2 Qxd3+ 49. Kxd3 Bb2 50. Nc2 Kd7
51. Ke3 e5 52. fxe5 Ke7 53. Kd3 Ke6 54. Nd4+ Kxe5 55. Nb5 f4 56. gxf4+ Kxf4
0-1